[Event "IX Weekend A"]
[Site "Vignola ITA"]
[Date "2010.11.12"]
[Round "1"]
[White "Di Trapani, Luigi"]
[Black "De Biaggi, Paolo"]
[Result "0-1"]
[WhiteElo "1610"]
[BlackElo "1884"]
[PlyCount "72"]
[EventDate "2010.11.12"]

1. d4 c5 2. e3 e6 3. Nf3 Nf6 4. c4 Nc6 5. a3 a5 6. Nc3 cxd4 7. exd4 d5 8. b3 h6
9. Be2 Be7 10. O-O O-O 11. Nb5 Bd7 12. Bf4 Rc8 13. Qd2 Ne4 14. Qe3 g5 15. Be5
Nxe5 16. Nxe5 Bxb5 17. cxb5 Rc3 18. Bd3 Rxb3 19. a4 Bb4 20. Rab1 Bd2 21. Qh3
Rxb1 22. Rxb1 Kg7 23. Qf3 f5 24. Qh5 Qe8 25. Qxe8 Rxe8 26. Rb2 Bc3 27. Rc2 Rc8
28. Kf1 Nd6 29. Nd7 Bxd4 30. Rxc8 Nxc8 31. Ke2 Kf7 32. b6 Ke7 33. Bb5 Nd6 34.
Kd3 Nxb5 35. axb5 Kxd7 36. Kxd4 Kd6 0-1

[Event "IX Weekend A"]
[Site "Vignola ITA"]
[Date "2010.11.12"]
[Round "1"]
[White "Dionigi, Riccardo"]
[Black "Vandelli, Mattia"]
[Result "1/2-1/2"]
[WhiteElo "1809"]
[BlackElo "1560"]
[PlyCount "110"]
[EventDate "2010.11.12"]

1. d4 d5 2. c4 e6 3. Nc3 Nf6 4. Bg5 Bb4 5. e3 h6 6. Bxf6 Qxf6 7. cxd5 exd5 8.
Qb3 Bxc3+ 9. Qxc3 Qc6 10. Qd2 O-O 11. Nf3 Bf5 12. Rc1 Qd6 13. Be2 Nd7 14. O-O
c6 15. b4 a6 16. a4 Be4 17. Qb2 b5 18. a5 Nf6 19. Ne5 Rac8 20. Rc3 Nd7 21. Nf3
Nf6 22. h3 Bxf3 23. Bxf3 Ne4 24. Bxe4 dxe4 25. Rfc1 Rc7 26. Rc5 Rfc8 27. Qe2
Qe6 28. d5 Qd6 29. dxc6 Qd3 30. Qxd3 exd3 31. Rd5 Rxc6 32. Rxc6 Rxc6 33. Rxd3
Rc4 34. Rd6 Rxb4 35. Rxa6 Ra4 36. Ra8+ Kh7 37. a6 b4 38. Rb8 Rxa6 39. Rxb4 Ra1+
40. Kh2 Ra2 41. Kg3 Kg6 42. Kf3 Kf6 43. Rb5 Ra4 44. Rd5 Ke6 45. Rd4 Ra5 46. Kg3
Rg5+ 47. Rg4 Rxg4+ 48. Kxg4 Ke5 49. Kf3 g5 50. g4 f6 51. e4 Kd4 52. e5 fxe5 53.
Ke2 Ke4 54. f3+ Kf4 55. Kf2 e4 1/2-1/2

[Event "IX Weekend A"]
[Site "Vignola ITA"]
[Date "2010.11.12"]
[Round "1"]
[White "Ferraguti, Francesco"]
[Black "Rubbiani, Samuel"]
[Result "1/2-1/2"]
[WhiteElo "1790"]
[BlackElo "1485"]
[PlyCount "76"]
[EventDate "2010.11.12"]

1. d4 Nf6 2. c4 d6 3. Nc3 g6 4. e4 Bg7 5. Nf3 Nfd7 6. Be3 b6 7. Be2 Bb7 8. h3
O-O 9. g4 Nf6 10. d5 c6 11. Qd2 cxd5 12. exd5 e6 13. O-O-O exd5 14. cxd5 a6 15.
Bh6 Nbd7 16. Bxg7 Kxg7 17. Qd4 Ne5 18. Nxe5 dxe5 19. Qxe5 Re8 20. Qg3 Rc8 21.
Kb1 Nxd5 22. Nxd5 Bxd5 23. Bf3 Rc5 24. b4 Rb5 25. Qf4 Qe7 26. a3 Qe5 27. Qxe5+
Rxe5 28. Bxd5 Rbxd5 29. Rxd5 Rxd5 30. Kc2 a5 31. Kc3 axb4+ 32. axb4 b5 33. Re1
h5 34. f4 hxg4 35. hxg4 Kh6 36. Rh1+ Kg7 37. Re1 Kh6 38. Rh1+ Kg7 1/2-1/2

[Event "IX Weekend A"]
[Site "Vignola ITA"]
[Date "2010.11.12"]
[Round "1"]
[White "Malfagia, Andrea"]
[Black "Zuccaro, Guido"]
[Result "1-0"]
[WhiteElo "2269"]
[BlackElo "1720"]
[PlyCount "123"]
[EventDate "2010.11.12"]

1. d4 d5 2. c4 c6 3. Nf3 Nf6 4. Qb3 e6 5. g3 Bd6 6. Bg2 Nbd7 7. Nc3 O-O 8. O-O
Rb8 9. Rd1 a6 10. a4 Re8 11. e4 Nxe4 12. Nxe4 dxe4 13. Ng5 Nf6 14. Nxe4 Nxe4
15. Bxe4 Qe7 16. c5 Bc7 17. f4 Kh8 18. Qc2 h6 19. b4 f6 20. Rb1 Bd7 21. Bg6
Red8 22. Qe2 Be8 23. Bc2 Bf7 24. Qe4 Bg8 25. Be3 e5 26. dxe5 fxe5 27. f5 Qf6
28. Qg2 Rxd1+ 29. Rxd1 Bd5 30. Qh3 Rf8 31. g4 Kg8 32. Qg3 Bd8 33. b5 axb5 34.
axb5 Re8 35. b6 Be7 36. Ra1 Bc4 37. Be4 Rd8 38. Bf2 Qf8 39. Rc1 Bd5 40. Qxe5
Bxe4 41. Qxe4 Rd5 42. Qc4 Kh8 43. Kg2 Qd8 44. Rc2 Bh4 45. Bxh4 Qxh4 46. Qe4 Qd8
47. Re2 Rd7 48. Qe8+ Qxe8 49. Rxe8+ Kh7 50. Re5 Kg8 51. Kg3 Kf7 52. Kf4 Rd4+
53. Re4 Rd5 54. Rc4 Kf6 55. h4 Kf7 56. g5 hxg5+ 57. hxg5 Ke7 58. Re4+ Kf7 59.
g6+ Kf8 60. Ra4 Ke7 61. Ra8 Kf6 62. Rf8+ 1-0

[Event "IX Weekend A"]
[Site "Vignola ITA"]
[Date "2010.11.12"]
[Round "1"]
[White "Mancini, Anna"]
[Black "Cavazzoni, Carlo Alberto"]
[Result "0-1"]
[WhiteElo "1395"]
[BlackElo "1746"]
[PlyCount "64"]
[EventDate "2010.11.12"]

1. e4 e6 2. d4 d5 3. e5 c5 4. Nf3 cxd4 5. Qxd4 Nc6 6. Bb5 Bd7 7. Bxc6 bxc6 8.
O-O c5 9. Qh4 Qb6 10. b3 Ne7 11. c3 Ng6 12. Qg5 Be7 13. Qe3 O-O 14. Bd2 f6 15.
Re1 fxe5 16. Nxe5 Nxe5 17. Qxe5 Bf6 18. Qg3 Rf7 19. b4 cxb4 20. cxb4 Bxa1 21.
Na3 Bd4 22. Be3 Raf8 23. Nc2 Bxe3 24. Nxe3 Rxf2 25. h3 Rxa2 26. Rb1 Rff2 27.
Rd1 Rxg2+ 28. Qxg2 Rxg2+ 29. Kxg2 Qxe3 30. Rf1 Qe2+ 31. Rf2 Qxf2+ 32. Kxf2 d4
0-1

[Event "IX Weekend A"]
[Site "Vignola ITA"]
[Date "2010.11.12"]
[Round "1"]
[White "Paoli, Walter"]
[Black "Megli, Massimo"]
[Result "1-0"]
[WhiteElo "2043"]
[BlackElo "1684"]
[PlyCount "77"]
[EventDate "2010.11.12"]

1. e4 c5 2. c3 e6 3. d4 d5 4. exd5 Qxd5 5. Nf3 Nf6 6. Be2 Nc6 7. O-O Be7 8. Na3
O-O 9. Nc2 cxd4 10. Nfxd4 Rd8 11. Bf3 Qc5 12. Be3 e5 13. Nxc6 Rxd1 14. Bxc5
Rxf1+ 15. Kxf1 Bxc5 16. Nxe5 Bf5 17. Nd4 Be4 18. Bxe4 Nxe4 19. Nef3 Re8 20. Re1
g6 21. Re2 f5 22. Ng5 Nf6 23. Rxe8+ Nxe8 24. Nge6 Bb6 25. Ke2 Nd6 26. Kd3 h6
27. f3 a6 28. c4 Nf7 29. b4 Ne5+ 30. Kc3 Nc6 31. Nxc6 bxc6 32. c5 Ba7 33. Nd8
Bb8 34. h3 g5 35. Nxc6 Bg3 36. Ne7+ Kf7 37. Nxf5 Be1+ 38. Kc4 Kg6 39. c6 1-0

[Event "IX Weekend A"]
[Site "Vignola ITA"]
[Date "2010.11.12"]
[Round "1"]
[White "Petrescu, Eduard"]
[Black "Magnavacchi, Andrea"]
[Result "0-1"]
[WhiteElo "1572"]
[BlackElo "1813"]
[PlyCount "90"]
[EventDate "2010.11.12"]

1. d4 Nf6 2. e3 g6 3. Bd3 Bg7 4. Nf3 d6 5. O-O O-O 6. Nbd2 Nbd7 7. b3 c5 8. c4
d5 9. Bb2 e6 10. Rc1 b6 11. Ba3 Ba6 12. Qe2 Rc8 13. cxd5 Bxd3 14. Qxd3 Nxd5 15.
dxc5 Nxc5 16. Bxc5 bxc5 17. Qa6 Qb6 18. Qxb6 axb6 19. Rc2 Nb4 20. Rcc1 Nxa2 21.
Rce1 Rfd8 22. Re2 Nc3 23. Ree1 b5 24. Nb1 Ra8 25. Nxc3 Bxc3 26. Rc1 b4 27. Rfd1
Rxd1+ 28. Rxd1 c4 29. bxc4 b3 30. Kf1 b2 31. Ke2 Ra1 32. Rd8+ Kg7 33. Rb8 b1=Q
34. Rxb1 Rxb1 35. Nd4 Bxd4 36. exd4 Rc1 37. c5 e5 38. dxe5 Rxc5 39. f4 g5 40.
fxg5 Rxe5+ 41. Kf3 Rxg5 42. h4 Ra5 43. g4 h5 44. g5 Ra4 45. Kg3 Kg6 0-1

[Event "IX Weekend A"]
[Site "Vignola ITA"]
[Date "2010.11.12"]
[Round "1"]
[White "Pinna, Ferdinando"]
[Black "Ballista, Massimiliano"]
[Result "1-0"]
[WhiteElo "1887"]
[BlackElo "1613"]
[PlyCount "59"]
[EventDate "2010.11.12"]

1. d4 d5 2. c4 c6 3. Nf3 Nf6 4. Nc3 Nbd7 5. e3 e6 6. Qc2 Bd6 7. Be2 O-O 8. O-O
Re8 9. Bd2 dxc4 10. Bxc4 e5 11. Ng5 Re7 12. Nge4 Nxe4 13. Nxe4 Bc7 14. Bb4 Re8
15. Qb3 exd4 16. Bxf7+ Kh8 17. Bxe8 Qxe8 18. Nd6 Bxd6 19. Bxd6 dxe3 20. Qxe3
Qxe3 21. fxe3 Nf6 22. Be5 Nd7 23. Rf7 h6 24. Bxg7+ Kg8 25. Raf1 b6 26. Bc3 Rb8
27. Rg7+ Kh8 28. Rxd7+ Kg8 29. Rg7+ Kh8 30. Rf8# 1-0

[Event "IX Weekend A"]
[Site "Vignola ITA"]
[Date "2010.11.12"]
[Round "1"]
[White "Pomante, Sergio"]
[Black "Setti, Roberto"]
[Result "0-1"]
[WhiteElo "1639"]
[BlackElo "1901"]
[PlyCount "150"]
[EventDate "2010.11.12"]

1. e4 e5 2. Nf3 Nc6 3. Bb5 a6 4. Ba4 Nf6 5. O-O Be7 6. Re1 b5 7. Bb3 d6 8. h3
O-O 9. c3 Na5 10. Bc2 c5 11. d4 Qc7 12. Be3 Nc4 13. Bc1 a5 14. b3 Nb6 15. Bb2
c4 16. Nbd2 a4 17. bxc4 a3 18. Bc1 Nxc4 19. Bb3 Bd7 20. Qc2 Rfc8 21. Qd3 Nb2
22. Bxb2 axb2 23. Rab1 Qxc3 24. Qxc3 Rxc3 25. Rxb2 exd4 26. Nxd4 Rac8 27. N4f3
h6 28. e5 dxe5 29. Nxe5 Ba3 30. Rbb1 Bf5 31. Nxf7 Bxb1 32. Nd6+ Rxb3 33. Nxc8
Bf5 34. Nxb3 Bxc8 35. Re5 Bd7 36. Nd4 Bb2 37. Rxb5 Bxd4 38. Rb8+ Kf7 39. Rb4
Bc5 40. Rc4 Bb6 41. g4 Ke6 42. Rb4 Nd5 43. Re4+ Kd6 44. Re2 Nf4 45. Rd2+ Kc6
46. Rc2+ Bc5 47. Kh2 Nd3 48. f3 Kb5 49. Rd2 Kc4 50. Rc2+ Kb4 51. Rd2 Kc3 52.
Rd1 Kc2 53. Rf1 Bd6+ 54. Kg1 Be5 55. h4 Nc1 56. Rf2+ Kc3 57. Kg2 Bc6 58. a4
Bxa4 59. f4 Bc6+ 60. Kg3 Bd6 61. Rf1 Ne2+ 62. Kf2 Bxf4 63. Kxe2 Bb5+ 64. Kf2
Bxf1 65. Kxf1 Bg3 66. h5 Kd4 67. Kg2 Bh4 68. Kf3 Ke5 69. Ke3 Bg5+ 70. Kf3 Bc1
71. Kg3 Ke4 72. g5 Bxg5 73. Kg4 Bd2 74. Kh3 Kf4 75. Kh4 Be1+ 0-1

[Event "IX Weekend A"]
[Site "Vignola ITA"]
[Date "2010.11.12"]
[Round "1"]
[White "Sacchetti, Andrea"]
[Black "Carbone, Jacopo"]
[Result "1-0"]
[WhiteElo "1742"]
[BlackElo "1392"]
[PlyCount "103"]
[EventDate "2010.11.12"]

1. d4 d5 2. c4 e6 3. Nc3 Be7 4. Nf3 Nf6 5. Bg5 c6 6. Qc2 Bb4 7. Bxf6 Qxf6 8. e3
Nd7 9. a3 Bxc3+ 10. Qxc3 b6 11. cxd5 exd5 12. Qxc6 Qxc6 13. Bd3 O-O 14. O-O Nf6
15. Rfc1 Qd6 16. Ne5 Ng4 17. Nf3 Qf6 18. h3 Nh6 19. Ne5 Re8 20. Rc6 Be6 21. Rc7
Qd8 22. Rac1 f6 23. Nf3 Re7 24. R7c3 Bf5 25. Ba6 Be6 26. Ne1 Qf8 27. Nd3 Ree8
28. Nf4 Bf7 29. Rc6 Nf5 30. Bb7 Rab8 31. Ba6 Nd6 32. b3 Ne4 33. b4 g5 34. Ne2
Be6 35. f3 Nd2 36. R6c3 Bc8 37. Bb5 Re6 38. Kf2 f5 39. R1c2 Nb1 40. Rb3 Nxa3
41. Rxa3 Qxb4 42. Rxa7 Qxb5 43. Rcc7 Ba6 44. Rg7+ Kf8 45. Ng3 Qb2+ 46. Kg1 Qb1+
47. Kh2 Rxe3 48. Rxh7 Kg8 49. Rhg7+ Kf8 50. Rgc7 Kg8 51. Nh5 f4 52. Nf6+ 1-0

[Event "IX Weekend A"]
[Site "Vignola ITA"]
[Date "2010.11.12"]
[Round "1"]
[White "Salvioli, Alessandro"]
[Black "Landi, Filippo"]
[Result "1-0"]
[WhiteElo "1975"]
[BlackElo "1645"]
[PlyCount "69"]
[EventDate "2010.11.12"]

1. e4 c5 2. Nf3 d6 3. d4 cxd4 4. Nxd4 Nf6 5. Nc3 g6 6. Be3 Bg7 7. f3 O-O 8. Qd2
Nc6 9. Bc4 Bd7 10. O-O-O Rc8 11. Bb3 Ne5 12. h4 h5 13. g4 a6 14. gxh5 Nxh5 15.
Rdg1 b5 16. Bh6 Rc5 17. Bxg7 Kxg7 18. f4 Ng4 19. f5 Ngf6 20. Qg2 Qe8 21. Nd5
Rh8 22. Qf3 Rh6 23. Nb6 Bc6 24. fxg6 Rxg6 25. Rxg6+ Kxg6 26. Rg1+ Kh7 27. Nd5
Bxd5 28. exd5 Qf8 29. Kb1 a5 30. c3 Kh8 31. Rg5 Qc8 32. Rxh5+ Nxh5 33. Qxh5+
Kg7 34. Nf5+ Kf6 35. Qg5+ 1-0

[Event "IX Weekend A"]
[Site "Vignola ITA"]
[Date "2010.11.12"]
[Round "1"]
[White "Tazzioli, Luca"]
[Black "Sfera, Mattia"]
[Result "0-1"]
[WhiteElo "1673"]
[BlackElo "1990"]
[PlyCount "90"]
[EventDate "2010.11.12"]

1. e4 e6 2. d4 d5 3. Nd2 Nf6 4. exd5 exd5 5. c4 c6 6. Ngf3 Bd6 7. Bd3 O-O 8.
O-O Bg4 9. h3 Bh5 10. Re1 Re8 11. Rxe8+ Qxe8 12. Qe2 Qf8 13. g4 Bg6 14. Bxg6
fxg6 15. Nf1 Nbd7 16. Be3 Re8 17. Re1 Kh8 18. b3 Ne4 19. N3h2 Ndf6 20. Qd3 a6
21. Nd2 Bxh2+ 22. Kxh2 Nxf2 23. Qf1 Qd6+ 24. Kg2 N6e4 25. Nxe4 Nxe4 26. Qf4 Qe7
27. Rf1 Nf6 28. Bd2 dxc4 29. bxc4 Qe2+ 30. Kg1 Qxc4 31. g5 Ne4 32. Qf8+ Rxf8
33. Rxf8+ Qg8 34. Rxg8+ Kxg8 35. Bf4 Nc3 36. Kf2 Nxa2 37. Bd2 b6 38. Ke3 a5 39.
Kd3 Nb4+ 40. Ke4 Kf7 41. Bf4 Nd5 42. Be5 b5 43. Bd6 a4 44. Ke5 b4 45. Ke4 a3
0-1

[Event "IX Weekend A"]
[Site "Vignola ITA"]
[Date "2010.11.12"]
[Round "1"]
[White "Venturelli, Ester"]
[Black "Garofalo, Sergio"]
[Result "1-0"]
[WhiteElo "1559"]
[BlackElo "1805"]
[PlyCount "117"]
[EventDate "2010.11.12"]

1. e4 Nf6 2. Nc3 d5 3. e5 Ne4 4. Nxe4 dxe4 5. d4 Bf5 6. Bc4 e6 7. Ne2 Nc6 8.
O-O Be7 9. c3 O-O 10. Be3 Na5 11. Bb3 Qd7 12. Bc2 Nc4 13. Qc1 f6 14. exf6 Rxf6
15. Ng3 Bd6 16. Nxe4 Bxe4 17. Bxe4 Nxe3 18. Qxe3 Bf4 19. Qe2 Raf8 20. Bf3 Qe7
21. h3 Rh6 22. Bxb7 Qg5 23. Bf3 Rxh3 24. Qxe6+ Kh8 25. Qxh3 Bd6 26. Qh5 Qf4 27.
Rae1 g6 28. Qh3 Kg7 29. Re4 Qd2 30. Re2 Qf4 31. Rfe1 h5 32. Bxh5 gxh5 33. Qxh5
Rf7 34. g3 Qf5 35. Qxf5 Rxf5 36. Kg2 Ra5 37. b3 Rf5 38. Re5 Rf8 39. Re7+ Kf6
40. R7e6+ Kf7 41. c4 Bb4 42. R1e2 Rd8 43. d5 Bd6 44. f4 a5 45. Kf3 a4 46. g4
axb3 47. axb3 Rb8 48. Rb2 Rh8 49. Rxd6 cxd6 50. Kg3 Rh1 51. Re2 Rg1+ 52. Kh4
Rf1 53. Kg5 Rf3 54. Rb2 Rc3 55. Kf5 Re3 56. g5 Re1 57. Ra2 Re3 58. Ra7+ Kf8 59.
Rb7 1-0

[Event "IX Weekend A"]
[Site "Vignola ITA"]
[Date "2010.11.14"]
[Round "2"]
[White "Ballista, Massimiliano"]
[Black "Castelli, Antonio"]
[Result "1/2-1/2"]
[WhiteElo "1613"]
[BlackElo "1703"]
[PlyCount "83"]
[EventDate "2010.11.12"]

1. e4 e5 2. Bc4 Nf6 3. d3 Nc6 4. Nf3 Be7 5. c3 d5 6. exd5 Nxd5 7. O-O O-O 8.
Re1 Bg4 9. Bb3 Bf6 10. Bc2 Nce7 11. Nbd2 Bf5 12. Ne4 Bxe4 13. Rxe4 Ng6 14. Re1
Re8 15. Be3 Nde7 16. d4 Nd5 17. dxe5 Nxe3 18. Qxd8 Raxd8 19. Bxg6 hxg6 20. exf6
Nc4 21. b3 Nb6 22. fxg7 Kxg7 23. Rxe8 Rxe8 24. Re1 Rxe1+ 25. Nxe1 Nd5 26. c4
Nc3 27. a4 Ne2+ 28. Kf1 Nd4 29. b4 Nc6 30. Nd3 Kf6 31. Ke2 b6 32. Ke3 Kf5 33.
h3 Nd8 34. f4 f6 35. g4+ Ke6 36. c5 Kd5 37. g5 fxg5 38. fxg5 Kc4 39. Ke4 Nf7
40. h4 bxc5 41. bxc5 c6 42. h5 1/2-1/2

[Event "IX Weekend A"]
[Site "Vignola ITA"]
[Date "2010.11.13"]
[Round "2"]
[White "Cavazzoni, Carlo Alberto"]
[Black "Ricchi, Luca"]
[Result "0-1"]
[WhiteElo "1746"]
[BlackElo "1991"]
[PlyCount "36"]
[EventDate "2010.11.12"]

1. Nf3 e6 2. c4 c5 3. g3 Nf6 4. Bg2 Nc6 5. Nc3 d5 6. cxd5 exd5 7. d4 c4 8. Qc2
Nb4 9. Qb1 g6 10. Nh4 Be6 11. O-O Nc6 12. e3 Bg7 13. b3 cxb3 14. Qxb3 Qd7 15.
Ba3 Na5 16. Qb5 Nc4 17. Bc5 b6 18. Qxd7+ Kxd7 0-1

[Event "IX Weekend A"]
[Site "Vignola ITA"]
[Date "2010.11.13"]
[Round "2"]
[White "De Biaggi, Paolo"]
[Black "Buriani, Andrea"]
[Result "0-1"]
[WhiteElo "1884"]
[BlackElo "2169"]
[PlyCount "82"]
[EventDate "2010.11.12"]

1. e4 e5 2. Nf3 Nc6 3. d4 exd4 4. Nxd4 Bc5 5. Nxc6 Qf6 6. Qd2 bxc6 7. Bd3 Ne7
8. O-O O-O 9. Qf4 Qxf4 10. Bxf4 d6 11. Nd2 Ng6 12. Bg3 f5 13. exf5 Bxf5 14.
Bxf5 Rxf5 15. Nf3 Re8 16. Rfe1 Kf7 17. Kf1 h6 18. Rxe8 Kxe8 19. Re1+ Kd7 20.
Re4 Ne7 21. Nd4 Rf6 22. Nb3 Bb6 23. f3 g5 24. a4 a6 25. a5 Ba7 26. Bf2 Bxf2 27.
Kxf2 c5 28. c4 Rf8 29. Re3 Rb8 30. g4 Rb4 31. Rc3 Nc6 32. Kg3 Ne5 33. h4 Nxc4
34. hxg5 hxg5 35. Rd3 Nxb2 36. Nxc5+ Kc6 37. Nxa6 Nxd3 38. Nxb4+ Nxb4 39. f4
gxf4+ 40. Kxf4 Nd5+ 41. Kg5 Ne3 0-1

[Event "IX Weekend A"]
[Site "Vignola ITA"]
[Date "2010.11.13"]
[Round "2"]
[White "Gabbriellini, Gianfranco"]
[Black "Ferraguti, Francesco"]
[Result "0-1"]
[WhiteElo "1431"]
[BlackElo "1790"]
[PlyCount "52"]
[EventDate "2010.11.12"]

1. d4 d5 2. Nf3 c6 3. Bf4 Nf6 4. Nc3 Bf5 5. e3 e6 6. Be2 Bd6 7. Ne5 Qc7 8. O-O
Nbd7 9. g4 Bg6 10. g5 Ne4 11. Nxe4 Bxe4 12. Bd3 Bxe5 13. Bxe5 Nxe5 14. Bxe4
dxe4 15. dxe5 Qxe5 16. h4 h6 17. Qd4 Qxd4 18. exd4 hxg5 19. hxg5 Rh5 20. f4
exf3 21. Rxf3 Rxg5+ 22. Kf2 Ke7 23. Rh1 Rd8 24. c3 c5 25. Rh4 cxd4 26. cxd4 Rb5
0-1

[Event "IX Weekend A"]
[Site "Vignola ITA"]
[Date "2010.11.13"]
[Round "2"]
[White "Garofalo, Sergio"]
[Black "Tazzioli, Luca"]
[Result "0-1"]
[WhiteElo "1805"]
[BlackElo "1673"]
[PlyCount "64"]
[EventDate "2010.11.12"]

1. d4 d5 2. Nf3 e6 3. b3 Nf6 4. Bb2 Be7 5. e3 b6 6. Bd3 Bb7 7. Nbd2 O-O 8. Qe2
c5 9. a3 Nbd7 10. O-O h6 11. Rad1 Rc8 12. c4 Re8 13. Ne5 Qc7 14. f4 Nxe5 15.
fxe5 dxc4 16. exf6 cxd3 17. Qg4 Bf8 18. Nc4 g6 19. Ne5 Kh7 20. Nxd3 Ba6 21. Rf3
cxd4 22. Rc1 Qd6 23. Rxc8 Rxc8 24. Nf4 dxe3 25. Rg3 e2 26. Nxe2 Qd1+ 27. Kf2
Qxe2+ 28. Qxe2 Bxe2 29. Kxe2 Rc2+ 30. Kd3 Rxb2 31. Kc4 Bxa3 32. Kb5 Rf2 0-1

[Event "IX Weekend A"]
[Site "Vignola ITA"]
[Date "2010.11.13"]
[Round "2"]
[White "Gilevych, Artem"]
[Black "Pinna, Ferdinando"]
[Result "1-0"]
[WhiteElo "2231"]
[BlackElo "1887"]
[PlyCount "133"]
[EventDate "2010.11.12"]

1. Nf3 Nf6 2. d4 d5 3. c4 e6 4. Nc3 c5 5. cxd5 exd5 6. g3 Nc6 7. Bg2 Be7 8. O-O
O-O 9. dxc5 Bxc5 10. Na4 Be7 11. Be3 Bf5 12. Rc1 Rc8 13. a3 Ne4 14. Nd4 Nxd4
15. Bxd4 Rxc1 16. Qxc1 Qa5 17. Nc3 Nxc3 18. Bxc3 Qb5 19. Qe3 Be6 20. Qxa7 Bc5
21. Qa5 Qxa5 22. Bxa5 Bd4 23. Bb4 Rc8 24. Rd1 Bxb2 25. Bxd5 Bxd5 26. Rxd5 h6
27. Rd7 Ra8 28. Rd3 b5 29. Kg2 Re8 30. Kf3 Re6 31. Rb3 Bd4 32. e3 Ba7 33. Bc3
Ra6 34. Bb2 Bc5 35. Rxb5 Bxa3 36. Bd4 Bd6 37. Rd5 f6 38. Rb5 Kf7 39. Rb7+ Kg6
40. h4 h5 41. Ke4 Ra2 42. Kd5 Be5 43. f4 Bxd4 44. exd4 Ra3 45. Ke4 f5+ 46. Ke5
Re3+ 47. Kd6 Kf6 48. Rb8 Re6+ 49. Kd5 Re3 50. Rf8+ Kg6 51. Kc6 Rxg3 52. d5 Rc3+
53. Kb5 Rd3 54. Kc5 Rc3+ 55. Kd4 Rc1 56. d6 Rd1+ 57. Ke5 Re1+ 58. Kd5 Rd1+ 59.
Kc6 Rc1+ 60. Kb7 Rb1+ 61. Kc8 Rc1+ 62. Kd8 Rd1 63. d7 Re1 64. Kc8 Rc1+ 65. Kb7
Rb1+ 66. Kc6 Rc1+ 67. Kb5 1-0

[Event "IX Weekend A"]
[Site "Vignola ITA"]
[Date "2010.11.13"]
[Round "2"]
[White "Landi, Filippo"]
[Black "Di Trapani, Davide"]
[Result "0-1"]
[WhiteElo "1645"]
[BlackElo "2000"]
[PlyCount "48"]
[EventDate "2010.11.12"]

1. b3 e5 2. Bb2 Nc6 3. e3 d6 4. c4 Bf5 5. Nc3 Nf6 6. a3 g6 7. d4 exd4 8. exd4
d5 9. c5 Bg7 10. Bb5 O-O 11. Bxc6 bxc6 12. Bc1 Re8+ 13. Nce2 Ne4 14. Be3 Qf6
15. h3 Nxc5 16. b4 Nd3+ 17. Kf1 Rxe3 18. fxe3 Bg4+ 19. Nf4 Bxd1 20. Rxd1 Nxf4
21. exf4 Qxf4+ 22. Nf3 Re8 23. Kf2 Bf6 24. Rhe1 Bh4+ 0-1

[Event "IX Weekend A"]
[Site "Vignola ITA"]
[Date "2010.11.13"]
[Round "2"]
[White "Magnavacchi, Andrea"]
[Black "Paoli, Walter"]
[Result "0-1"]
[WhiteElo "1813"]
[BlackElo "2043"]
[PlyCount "56"]
[EventDate "2010.11.12"]

1. e4 Nf6 2. e5 Nd5 3. d4 d6 4. Nf3 Bg4 5. Bc4 e6 6. c3 Nc6 7. Bxd5 exd5 8. Bf4
dxe5 9. dxe5 Qd7 10. Qd3 Bxf3 11. Qxf3 Qf5 12. Qe3 O-O-O 13. O-O Be7 14. h3 g5
15. Bh2 h5 16. f3 Rhe8 17. f4 g4 18. hxg4 hxg4 19. Nd2 b6 20. Nb3 d4 21. cxd4
Nxd4 22. Rac1 Nxb3 23. Qxb3 Rh8 24. Rfd1 Rxd1+ 25. Rxd1 Bc5+ 26. Kh1 Qh5 27.
Qg3 Bf2 28. Rd8+ Rxd8 0-1

[Event "IX Weekend A"]
[Site "Vignola ITA"]
[Date "2010.11.13"]
[Round "2"]
[White "Orlandi, Francesco"]
[Black "Salvioli, Alessandro"]
[Result "0-1"]
[WhiteElo "1392"]
[BlackElo "1975"]
[PlyCount "54"]
[EventDate "2010.11.12"]

1. e4 c5 2. c3 d5 3. exd5 Qxd5 4. d4 Nc6 5. Nf3 Bg4 6. Be2 e6 7. O-O O-O-O 8.
Be3 cxd4 9. cxd4 Nf6 10. Nc3 Qd7 11. Qd2 Bd6 12. Rfd1 Nd5 13. Nxd5 exd5 14.
Rac1 Kb8 15. Bb5 Bxf3 16. gxf3 g5 17. Bxg5 Rhg8 18. Kf1 Qh3+ 19. Ke2 Rxg5 20.
Qxg5 Re8+ 21. Kd2 Qxf3 22. Re1 Bf4+ 23. Qxf4+ Qxf4+ 24. Kc2 Nxd4+ 25. Kb1 Qf5+
26. Ka1 Nc2+ 27. Rxc2 Rxe1+ 0-1

[Event "IX Weekend A"]
[Site "Vignola ITA"]
[Date "2010.11.13"]
[Round "2"]
[White "Rovatti, Guido"]
[Black "Di Trapani, Luigi"]
[Result "1-0"]
[WhiteElo "1695"]
[BlackElo "1610"]
[PlyCount "120"]
[EventDate "2010.11.12"]

1. d4 d6 2. c4 c6 3. Nf3 Bg4 4. e3 Nf6 5. Be2 Nbd7 6. O-O g6 7. h3 Bxf3 8. Bxf3
Bg7 9. b4 O-O 10. a4 Qc7 11. Qb3 e6 12. Nd2 d5 13. Ba3 Rfc8 14. Rac1 Bf8 15.
Rc2 Qd8 16. Rfc1 a6 17. Rc3 Rc7 18. e4 dxe4 19. Bxe4 Nxe4 20. Nxe4 Nf6 21.
Nxf6+ Qxf6 22. d5 Rac8 23. dxe6 Qxe6 24. Re3 Qf5 25. c5 Bh6 26. Rf3 Qd5 27. Rd1
Qxb3 28. Rxb3 Re8 29. Rbd3 Rce7 30. Bb2 Bg7 31. Bxg7 Kxg7 32. Rd7 Kf6 33. Kf1
Rxd7 34. Rxd7 Re7 35. Rxe7 Kxe7 36. Ke2 Ke6 37. a5 Kd5 38. Kd3 f6 39. h4 h6 40.
g4 g5 41. h5 Ke5 42. Ke3 Kd5 43. f3 Kc4 44. Ke4 Kxb4 45. Kf5 Kxc5 46. Kg6 Kb5
47. Kxh6 c5 48. Kg6 c4 49. h6 c3 50. h7 c2 51. h8=Q c1=Q 52. Qxf6 Qc6 53. Kxg5
Qd5+ 54. Kh6 Kxa5 55. g5 b5 56. g6 b4 57. g7 Qd2+ 58. Qg5+ Qxg5+ 59. Kxg5 b3
60. g8=Q Ka4 1-0

[Event "IX Weekend A"]
[Site "Vignola ITA"]
[Date "2010.11.13"]
[Round "2"]
[White "Rubbiani, Samuel"]
[Black "Dionigi, Riccardo"]
[Result "0-1"]
[WhiteElo "1485"]
[BlackElo "1809"]
[PlyCount "42"]
[EventDate "2010.11.12"]

1. e4 e5 2. Bc4 Nf6 3. d3 Nc6 4. Nf3 Bc5 5. Be3 Bb6 6. Nc3 d6 7. Nd5 Bg4 8.
Nxb6 axb6 9. h3 Bh5 10. c3 O-O 11. Bg5 h6 12. Bh4 Na5 13. g4 Nxc4 14. dxc4 Bg6
15. g5 hxg5 16. Nxg5 Nxe4 17. Nf3 Qc8 18. Nd2 Qf5 19. Qe2 Nxd2 20. Qxd2 Qe4+
21. Qe3 Qxh1+ 0-1

[Event "IX Weekend A"]
[Site "Vignola ITA"]
[Date "2010.11.13"]
[Round "2"]
[White "Santamato, Luigi"]
[Black "Carletti, Davide M."]
[Result "1/2-1/2"]
[WhiteElo "1606"]
[BlackElo "1685"]
[PlyCount "96"]
[EventDate "2010.11.12"]

1. e4 e5 2. Nc3 Nf6 3. g3 Bc5 4. Bg2 d6 5. Nge2 Nc6 6. O-O O-O 7. h3 Be6 8. Nd5
Bxd5 9. exd5 Ne7 10. Nc3 Nf5 11. d3 Nxg3 12. Re1 h6 13. Be3 Bxe3 14. Rxe3 Ngh5
15. Ne4 Nf4 16. Nxf6+ Qxf6 17. Qf3 Qg6 18. Qg3 Nxg2 19. Kxg2 Qxg3+ 20. fxg3 f5
21. Rf1 Rf6 22. d4 Re8 23. dxe5 Rxe5 24. Rxe5 dxe5 25. Re1 e4 26. g4 g6 27. c4
Ra6 28. a3 Rb6 29. b4 Rd6 30. Kg3 Kg7 31. Kf4 Kf6 32. gxf5 gxf5 33. Rg1 Rd8 34.
h4 b5 35. cxb5 Rxd5 36. h5 Rd6 37. Rc1 Rd3 38. Rc6+ Ke7 39. Rxc7+ Kd6 40. Rc6+
Kd5 41. Rxh6 Rf3+ 42. Kg5 e3 43. Rh8 e2 44. Re8 Rf2 45. h6 f4 46. h7 Rh2 47.
Kxf4 Rxh7 48. Rxe2 Kc4 1/2-1/2

[Event "IX Weekend A"]
[Site "Vignola ITA"]
[Date "2010.11.13"]
[Round "2"]
[White "Setti, Roberto"]
[Black "Malfagia, Andrea"]
[Result "0-1"]
[WhiteElo "1901"]
[BlackElo "2269"]
[PlyCount "102"]
[EventDate "2010.11.12"]

1. a3 e5 2. e3 d5 3. d4 e4 4. c4 c6 5. Nc3 Nf6 6. Qb3 a6 7. Bd2 b5 8. cxd5 cxd5
9. f3 Bd6 10. fxe4 Nxe4 11. Nf3 Nxd2 12. Kxd2 Be6 13. Bd3 Nc6 14. Rae1 Rc8 15.
Rhf1 O-O 16. Ke2 Bb8 17. Kf2 Qd6 18. Kg1 h6 19. Qc2 b4 20. Bxa6 bxc3 21. Bxc8
Rxc8 22. Qxc3 Ne7 23. Qb3 Bf5 24. Rc1 Re8 25. Rc5 Be4 26. h3 Nf5 27. Ne5 Qa6
28. Qb5 Qxb5 29. Rxb5 Bxe5 30. Rxf5 Bxf5 31. dxe5 Rxe5 32. Rb8+ Kh7 33. Kf2 Re7
34. g4 Be4 35. Rb3 Rc7 36. a4 Rc2+ 37. Ke1 Kg6 38. h4 h5 39. Rb6+ f6 40. g5 Kf5
41. gxf6 gxf6 42. a5 Bd3 43. b4 Ra2 44. Rd6 Ke5 45. Rd8 Bc4 46. Re8+ Kf5 47.
Kd1 Rb2 48. Rb8 Ke4 49. Kc1 Ra2 50. Re8+ Kd3 51. Kb1 Kc3 0-1

[Event "IX Weekend A"]
[Site "Vignola ITA"]
[Date "2010.11.13"]
[Round "2"]
[White "Sfera, Mattia"]
[Black "Sacchetti, Andrea"]
[Result "1-0"]
[WhiteElo "1990"]
[BlackElo "1742"]
[PlyCount "61"]
[EventDate "2010.11.12"]

1. e4 e5 2. Nf3 d6 3. d4 exd4 4. Nxd4 Nf6 5. Nc3 Be7 6. Bc4 O-O 7. f3 a6 8. a4
Nbd7 9. Be3 Ne5 10. Ba2 Bd7 11. O-O Qe8 12. a5 Kh8 13. Re1 Bd8 14. Nd5 Be6 15.
Nxe6 fxe6 16. Nf4 d5 17. exd5 Nxd5 18. Nxd5 exd5 19. f4 Ng6 20. Qxd5 c6 21. Qh5
Be7 22. Rad1 Nxf4 23. Qxe8 Raxe8 24. Kh1 Bb4 25. c3 Bxa5 26. Bxf4 h5 27. Bd6
Rxe1+ 28. Rxe1 Rf2 29. Bb1 g6 30. Bxg6 Rxb2 31. Be5+ 1-0